000 00634nam a2200265Ia 4500
005 20260121172003.0
008 008 260114s9999 xx 000 0 eng d
020 _a9789813291966
037 _aEBOOK
040 _aCRL
040 _beng
040 _cCRL
041 _2eng
041 _aeng
084 _qCRL
100 _aDavid Zhang, Kebin Wu
_91082912
245 0 _aPathological Voice Analysis
260 _bSpringer
260 _bSpringer
260 _c2020
856 _uhttps://link.springer.com/openurl?genre=book&isbn=978-981-32-9196-6
942 _cEBOOK
999 _c1648646
_d1648646